Roosevelt and Hopkins : (Record no. 13310)
[ view plain ]
| 000 -LEADER | |
|---|---|
| fixed length control field | 01209cam a22003131i 4500 |
| 001 - CONTROL NUMBER | |
| control field | 3109695 |
| 003 - CONTROL NUMBER IDENTIFIER | |
| control field | EG-ScBUE |
| 005 - DATE AND TIME OF LATEST TRANSACTION | |
| control field | 20240702091106.0 |
| 008 - FIXED-LENGTH DATA ELEMENTS--GENERAL INFORMATION | |
| fixed length control field | 731030t1948 nyuabc f b 001 0ceng d |
| 040 ## - CATALOGING SOURCE | |
| Original cataloging agency | DLC |
| Language of cataloging | eng |
| Description conventions | rda |
| Transcribing agency | DLC |
| Modifying agency | DLC |
| -- | EG-ScBUE |
| 043 ## - GEOGRAPHIC AREA CODE | |
| Geographic area code | n-us--- |
| 082 04 - DEWEY DECIMAL CLASSIFICATION NUMBER | |
| Classification number | 973.917092 |
| Edition number | 22 |
| Item number | SHE |
| 100 1# - MAIN ENTRY--PERSONAL NAME | |
| Personal name | Sherwood, Robert E. |
| Fuller form of name | (Robert Emmet), |
| Dates associated with a name | 1896-1955, |
| 9 (RLIN) | 11085 |
| Relator term | author. |
| 245 10 - TITLE STATEMENT | |
| Title | Roosevelt and Hopkins : |
| Remainder of title | an intimate history / |
| Statement of responsibility, etc | by Robert E. Sherwood. |
| 264 #1 - PUBLICATION, DISTRIBUTION, ETC. (IMPRINT) | |
| Place of publication, distribution, etc | New York : |
| Name of publisher, distributor, etc | Harper & Brothers Publishers, |
| Date of publication, distribution, etc | [1948] |
| 264 #4 - PUBLICATION, DISTRIBUTION, ETC. (IMPRINT) | |
| Date of publication, distribution, etc | c1948 |
| 300 ## - PHYSICAL DESCRIPTION | |
| Extent | xvii, 979 pages : |
| Other physical details | illustrations, maps, portraits ; |
| Dimensions | 22 cm |
| 336 ## - CONTENT TYPE | |
| Source | rdacontent |
| Content type term | text |
| Content type code | txt |
| 337 ## - MEDIA TYPE | |
| Media type term | unmediated |
| Source | rdamedia |
| Media type code | n |
| 338 ## - CARRIER TYPE | |
| Carrier type term | volume |
| Carrier type code | nc |
| Source | rdacarrier |
| 504 ## - BIBLIOGRAPHY, ETC. NOTE | |
| Bibliography, etc | Includes bibliographical references and index.<br/> |
| 600 17 - SUBJECT ADDED ENTRY--PERSONAL NAME | |
| Personal name | Roosevelt, Franklin D. |
| Fuller form of name | (Franklin Delano), |
| Dates associated with a name | 1882-1945. |
| Source of heading or term | BUEsh |
| 9 (RLIN) | 11086 |
| 600 17 - SUBJECT ADDED ENTRY--PERSONAL NAME | |
| Personal name | Hopkins, Harry L. |
| Fuller form of name | (Harry Lloyd), |
| Dates associated with a name | 1890-1946. |
| Source of heading or term | BUEsh |
| 9 (RLIN) | 11087 |
| 650 #7 - SUBJECT ADDED ENTRY--TOPICAL TERM | |
| Topical term or geographic name as entry element | World War, 1939-1945 |
| Geographic subdivision | United States. |
| Source of heading or term | BUEsh |
| 9 (RLIN) | 11088 |
| 651 #7 - SUBJECT ADDED ENTRY--GEOGRAPHIC NAME | |
| Geographic name | United States |
| General subdivision | Politics and government |
| Chronological subdivision | 1933-1945. |
| Source of heading or term | BUEsh |
| 9 (RLIN) | 11089 |
| 655 ## - INDEX TERM--GENRE/FORM | |
| Form subdivision | Reading book |
| 942 ## - ADDED ENTRY ELEMENTS (KOHA) | |
| Source of classification or shelving scheme | Dewey Decimal Classification |
| Koha item type | Book - Borrowing |
| Withdrawn status | Lost status | Source of classification or shelving scheme | Damaged status | Not for loan | Collection code | Home library | Current library | Shelving location | Date acquired | Source of acquisition | Total Checkouts | Full call number | Barcode | Date last seen | Date checked out | Price effective from | Koha item type |
|---|---|---|---|---|---|---|---|---|---|---|---|---|---|---|---|---|---|
| Dewey Decimal Classification | Donation-Gift | Central Library | Central Library | Second Floor | 08/02/2010 | Donation | 1 | 973.917092 SHE | 000019682 | 15/07/2025 | 21/09/2014 | 08/02/2010 | Book - Borrowing |